[Event "DPMM 2122 SK Landau - SK Kirchweyhe"]
[Site "?"]
[Date "2022.05.21"]
[Round "30.3"]
[White "Vogel, Johannes"]
[Black "Genova, Lyubka"]
[Result "1-0"]
[WhiteElo "2176"]
[BlackElo "2225"]
[PlyCount "61"]
[EventDate "2022.??.??"]

1. e4 c5 2. Nf3 e6 3. d3 Nc6 4. Be2 d6 5. c3 Nf6 6. O-O g6 7. Ng5 h6 8. Nh3 Bg7
9. f4 O-O 10. Qe1 d5 11. e5 Nh7 12. Be3 d4 13. Bf2 g5 14. Bf3 gxf4 15. Bxc6
bxc6 16. cxd4 cxd4 17. Qe4 Ba6 18. Nxf4 c5 19. Nd2 Rb8 20. b3 Ng5 21. Qe2 Qc7
22. Rae1 Bb7 23. h4 Nh7 24. Bg3 Kh8 25. Nh5 Rg8 26. Nc4 Bd5 27. Nd6 Rbf8 28.
Rf2 f5 29. Nf4 Bxe5 30. Qxe5+ Nf6 31. Nh5 1-0

[Event "DPMM 2122 SK Landau - SK Kirchweyhe"]
[Site "?"]
[Date "2022.05.21"]
[Round "30.4"]
[White "Medak, Bojan"]
[Black "Lang, Matthias"]
[Result "1-0"]
[WhiteElo "2353"]
[BlackElo "2171"]
[PlyCount "81"]
[EventDate "2022.??.??"]

1. c4 e5 2. Nc3 Nc6 3. Nf3 Bc5 4. Nxe5 Bxf2+ 5. Kxf2 Nxe5 6. d4 Ng4+ 7. Ke1 Qf6
8. Qd3 Ne7 9. Ne4 Qg6 10. h3 d5 11. cxd5 Bf5 12. Qb5+ Bd7 13. Qxb7 O-O 14. hxg4
Qxe4 15. Qxc7 Bxg4 16. Qf4 Qxf4 17. Bxf4 Nxd5 18. Bd2 Rfe8 19. Rc1 Re4 20. e3
Nxe3 21. Bd3 Re6 22. Bxh7+ Kf8 23. Kf2 Nd5 24. Kg3 Nf6 25. Bb4+ Ke8 26. Bf5
Bxf5 27. Rh8+ Kd7 28. Rxa8 Re3+ 29. Kf4 Nd5+ 30. Kxf5 g6+ 31. Kg5 Rg3+ 32. Kh4
Rxg2 33. Rxa7+ Ke6 34. Rc6+ Kf5 35. Rxf7+ Ke4 36. Re6+ Kd3 37. Rf3+ Kc4 38. Be1
g5+ 39. Kh3 Rg1 40. b3+ Kb5 41. a4# 1-0

[Event "DPMM 2122 SF Lieme - Nickelhütte Aue"]
[Site "?"]
[Date "2022.05.21"]
[Round "30.1"]
[White "Eichner, Sebastian"]
[Black "Niermann, Tristan"]
[Result "1/2-1/2"]
[WhiteElo "2353"]
[BlackElo "2256"]
[PlyCount "101"]
[EventDate "2022.??.??"]

1. d4 Nf6 2. c4 g6 3. Nc3 d5 4. cxd5 Nxd5 5. e4 Nxc3 6. bxc3 Bg7 7. Nf3 c5 8.
Rb1 O-O 9. Be2 cxd4 10. cxd4 Qa5+ 11. Qd2 Qxd2+ 12. Bxd2 Rd8 13. Be3 e6 14. O-O
b6 15. Bg5 f6 16. Be3 Ba6 17. Rfe1 Bxe2 18. Rxe2 Nc6 19. Rc2 Rac8 20. Rbc1 Ne7
21. Rc7 Bf8 22. Kf1 a5 23. a4 g5 24. Ke2 Rxc7 25. Rxc7 Rb8 26. Nd2 b5 27. axb5
Rxb5 28. Kd3 Ng6 29. g3 g4 30. Ra7 Rh5 31. Nf1 Rb5 32. Bd2 Bb4 33. Bxb4 axb4
34. Kc4 Rb8 35. Ra2 Ne7 36. Ne3 h5 37. Rb2 Nc6 38. Nc2 b3 39. Na1 Na5+ 40. Kc3
Rc8+ 41. Kd3 Rb8 42. Kc3 Rc8+ 43. Kb4 Nc6+ 44. Kc4 Ne5+ 45. Kxb3 Rb8+ 46. Kc3
Rxb2 47. Kxb2 Nd3+ 48. Kc3 Nxf2 49. e5 Kf7 50. Nb3 Ne4+ 51. Kd3 1/2-1/2

[Event "DPMM 2122 SF Lieme - Nickelhütte Aue"]
[Site "?"]
[Date "2022.05.21"]
[Round "30.2"]
[White "Bentel, Robin"]
[Black "Wichmann, Cliff"]
[Result "1/2-1/2"]
[WhiteElo "2218"]
[BlackElo "2299"]
[PlyCount "54"]
[EventDate "2022.??.??"]

1. d4 d5 2. c4 e6 3. Nf3 Nf6 4. Nc3 c6 5. e3 Nbd7 6. Be2 dxc4 7. a4 Bd6 8. Nd2
O-O 9. Nxc4 Bb4 10. O-O Qc7 11. Qc2 e5 12. Bd2 exd4 13. exd4 Nb6 14. Ne5 Bd6
15. Bf4 Nbd5 16. Bg3 Nb4 17. Qd2 Rd8 18. Bc4 Bxe5 19. Bxe5 Qxe5 20. dxe5 Rxd2
21. exf6 Be6 22. Bxe6 fxe6 23. Rae1 Rxb2 24. Rxe6 gxf6 25. Re7 Nd5 26. Nxd5
cxd5 27. g3 Rf8 1/2-1/2

[Event "DPMM 2122 SF Lieme - Nickelhütte Aue"]
[Site "?"]
[Date "2022.05.21"]
[Round "30.3"]
[White "Essing, Arnold"]
[Black "Poessel, Christian"]
[Result "1-0"]
[WhiteElo "2202"]
[BlackElo "2007"]
[PlyCount "87"]
[EventDate "2022.??.??"]

1. d4 Nf6 2. Nf3 e6 3. c4 b6 4. Bf4 Bb4+ 5. Nfd2 c5 6. a3 Ba5 7. e3 Bb7 8. Bd3
d5 9. b4 b5 10. bxa5 dxc4 11. Be2 cxd4 12. O-O O-O 13. Bf3 Bxf3 14. Qxf3 Nd5
15. exd4 Nc6 16. Be3 f5 17. Qh3 Qf6 18. Nf3 h6 19. Ra2 g5 20. Ne5 Nxe5 21. dxe5
Qxe5 22. Qxh6 f4 23. Qg6+ Kh8 24. Bc5 Rf6 25. Qh5+ Kg7 26. Re2 Qf5 27. Bd4 Rh8
28. Qf3 g4 29. Qe4 f3 30. Qxf5 exf5 31. Re6 fxg2 32. Rfe1 Kf7 33. Bxf6 Nxf6 34.
Re7+ Kg6 35. R1e6 f4 36. Kxg2 Rh3 37. Nd2 Kf5 38. Re5+ Kg6 39. f3 c3 40. Ne4
Nxe4 41. Rxe4 Rxf3 42. R7e6+ Kf7 43. Rc6 a6 44. Rxa6 1-0

[Event "DPMM 2122 SF Lieme - Nickelhütte Aue"]
[Site "?"]
[Date "2022.05.21"]
[Round "30.4"]
[White "Solberg, Joachim"]
[Black "Schaffarczyk, Andre"]
[Result "1-0"]
[WhiteElo "2189"]
[BlackElo "2138"]
[PlyCount "57"]
[EventDate "2022.??.??"]

1. e4 c5 2. Nf3 e6 3. d4 cxd4 4. Nxd4 Nf6 5. Nc3 d6 6. Be2 Be7 7. O-O O-O 8. f4
e5 9. Nf3 Nc6 10. Kh1 exf4 11. Bxf4 Be6 12. Nd4 Nxd4 13. Qxd4 Ne8 14. Nd5 Bxd5
15. Qxd5 Qb6 16. b3 Rc8 17. Bc4 Nf6 18. Qd3 Qc5 19. a4 Ng4 20. Qg3 Nf6 21. Qf3
Qh5 22. Qd3 Ng4 23. Rad1 Ne5 24. Bxe5 Qxe5 25. Rf5 Qb2 26. Rdf1 Bf6 27. Qxd6
Rfd8 28. Qg3 Qxc2 29. Rxf6 1-0

[Event "DPMM 2122 SC Empor Potsdam - SC Heimbac"]
[Site "?"]
[Date "2022.05.21"]
[Round "30.1"]
[White "Winterberg, Lukas"]
[Black "Penzold, Andreas"]
[Result "1-0"]
[WhiteElo "2384"]
[BlackElo "2389"]
[PlyCount "63"]
[EventDate "2022.??.??"]

1. d4 Nf6 2. Nf3 g6 3. c4 Bg7 4. Nc3 d5 5. cxd5 Nxd5 6. e4 Nxc3 7. bxc3 c5 8.
Bb5+ Nc6 9. Rb1 O-O 10. d5 Ne5 11. O-O a6 12. Be2 Nxf3+ 13. Bxf3 Bxc3 14. Be3
Be5 15. Bxc5 Bxh2+ 16. Kxh2 Qc7+ 17. e5 Qxc5 18. Qd2 b5 19. Rb4 Ra7 20. Rc1 Qb6
21. Rh4 e6 22. Rc6 Qd8 23. Qh6 f6 24. dxe6 fxe5 25. Be4 Rg7 26. Bxg6 Qe7 27.
Bf7+ Kh8 28. Rc3 b4 29. Rg3 Rgxf7 30. exf7 Rxf7 31. Rc4 Rf8 32. Rc7 1-0

[Event "DPMM 2122 SC Empor Potsdam - SC Heimbac"]
[Site "?"]
[Date "2022.05.21"]
[Round "30.2"]
[White "Tschernatsch, Johannes"]
[Black "Ronge, Tim"]
[Result "0-1"]
[WhiteElo "2358"]
[BlackElo "2182"]
[PlyCount "78"]
[EventDate "2022.??.??"]

1. e4 c5 2. Nf3 Nc6 3. Bb5 Nf6 4. Nc3 Qc7 5. O-O Nd4 6. Re1 a6 7. Bf1 Ng4 8. e5
Nxf3+ 9. Qxf3 Nxe5 10. Qh5 d6 11. Nd5 Qc6 12. c4 Bg4 13. Qh4 e6 14. f4 Bf5 15.
Ne3 Be7 16. Qg3 Ng6 17. Nxf5 exf5 18. Qg5 O-O 19. Qxf5 Bf6 20. Bd3 Bd4+ 21. Kf1
Rae8 22. Be4 Qa4 23. d3 Qc2 24. Re2 Qd1+ 25. Re1 Qc2 26. Be3 Bxe3 27. Rxe3 Qxb2
28. Rae1 Re6 29. Qh5 Qf6 30. g3 b5 31. Kg1 bxc4 32. dxc4 Qd4 33. Qd5 Rfe8 34.
f5 Re5 35. Qxd4 cxd4 36. R3e2 Nf8 37. Kf2 Nd7 38. g4 Nc5 39. Bb1 f6 0-1

[Event "DPMM 2122 SC Empor Potsdam - SC Heimbac"]
[Site "?"]
[Date "2022.05.21"]
[Round "30.4"]
[White "Boidman, Yuri"]
[Black "Tiarks, Jann-Christian"]
[Result "1-0"]
[WhiteElo "2302"]
[BlackElo "2211"]
[PlyCount "59"]
[EventDate "2022.??.??"]

1. e4 c5 2. Nf3 d6 3. d4 cxd4 4. Qxd4 Nc6 5. Bb5 Bd7 6. Bxc6 Bxc6 7. Nc3 Nf6 8.
Bg5 e6 9. O-O-O Be7 10. Qd3 O-O 11. Nd4 Rc8 12. f4 d5 13. Bxf6 Bxf6 14. e5 Be7
15. f5 Bd7 16. Rhf1 Bb4 17. f6 g6 18. Qe3 Re8 19. h4 Qa5 20. Rd3 Rc4 21. h5
Rec8 22. hxg6 fxg6 23. Rh1 Bf8 24. Qg5 Be8 25. Rxh7 Rxc3 26. Rh1 Rxc2+ 27. Nxc2
Rxc2+ 28. Kxc2 Ba4+ 29. Kb1 Qc5 30. f7+ 1-0

[Event "DPMM 2122 SV Werder Bremen - Schachfreu"]
[Site "?"]
[Date "2022.05.21"]
[Round "30.1"]
[White "Keymer, Vincent"]
[Black "Meins, Gerlef"]
[Result "0-1"]
[WhiteElo "2667"]
[BlackElo "2417"]
[PlyCount "136"]
[EventDate "2022.??.??"]

1. Nf3 c5 2. c4 Nf6 3. Nc3 Nc6 4. d4 cxd4 5. Nxd4 g6 6. e4 Bg7 7. Be3 d6 8. Be2
O-O 9. O-O Bd7 10. Qd2 Nxd4 11. Bxd4 Bc6 12. f3 a5 13. b3 Nd7 14. Bf2 Nc5 15.
Rab1 Be5 16. Bd3 Nxd3 17. Qxd3 f5 18. exf5 Rxf5 19. Ne2 Qc7 20. Bd4 Raf8 21.
Rbd1 b5 22. Rc1 Qb7 23. Bxe5 Rxe5 24. Nd4 bxc4 25. Qxc4+ Bd5 26. Qc7 Qxc7 27.
Rxc7 a4 28. Rfc1 axb3 29. axb3 g5 30. h3 h5 31. b4 g4 32. hxg4 hxg4 33. fxg4
Rf4 34. Nf5 Kf8 35. g3 Rxb4 36. Rf1 Ke8 37. Ng7+ Kd8 38. Rfc1 Rb7 39. R7c2 Rg5
40. Nf5 Rxg4 41. Rc3 Kd7 42. Kf2 Be6 43. Ne3 Rb2+ 44. R1c2 Rxc2+ 45. Rxc2 Re4
46. Ng2 Bg4 47. Kg1 e5 48. Kf2 d5 49. Ne3 Be6 50. Nf1 Ra4 51. Nd2 Kd6 52. Rb2
Bg4 53. Rb6+ Kc5 54. Rb2 Ra3 55. Rc2+ Kd4 56. Nf1 Bh3 57. Rd2+ Rd3 58. Rxd3+
Kxd3 59. Nh2 e4 60. g4 e3+ 61. Kg3 e2 62. Nf3 Ke3 63. g5 Bf5 64. Ne1 Be4 65. g6
Bxg6 66. Ng2+ Kd2 67. Kf2 d4 68. Ne1 Be4 0-1

[Event "DPMM 2122 SV Werder Bremen - Schachfreu"]
[Site "?"]
[Date "2022.05.21"]
[Round "30.2"]
[White "Richter, Christian"]
[Black "Kollars, Dmitrij"]
[Result "0-1"]
[WhiteElo "2352"]
[BlackElo "2635"]
[PlyCount "76"]
[EventDate "2022.??.??"]

1. d4 Nf6 2. Nf3 d5 3. c4 e6 4. Nc3 c6 5. cxd5 exd5 6. Bg5 Be7 7. e3 Bf5 8. Bd3
Bxd3 9. Qxd3 Nbd7 10. O-O O-O 11. Nd2 Re8 12. h3 Bd6 13. Rae1 Qc7 14. Rc1 h6
15. Nb5 Bh2+ 16. Kh1 Qb8 17. Bxf6 Nxf6 18. Nf3 Bg3 19. Nc3 Bd6 20. Nd2 Qd8 21.
Rfe1 Bc7 22. b4 Qd6 23. Nf1 Qxb4 24. Rb1 Qa5 25. Nd2 b5 26. Rec1 Bd6 27. e4 b4
28. Nb3 Qd8 29. e5 bxc3 30. exf6 Qxf6 31. Rc2 Bb4 32. Qa6 Re6 33. Rf1 Rae8 34.
a3 Qf5 35. Rcc1 Bf8 36. Rxc3 c5 37. Qxa7 Re1 38. Rc1 Qxf2 0-1

[Event "DPMM 2122 SV Werder Bremen - Schachfreu"]
[Site "?"]
[Date "2022.05.21"]
[Round "30.3"]
[White "Ewert, Hannes"]
[Black "Heimann, Andreas"]
[Result "0-1"]
[WhiteElo "2273"]
[BlackElo "2575"]
[PlyCount "92"]
[EventDate "2022.??.??"]

1. d4 Nf6 2. Nf3 d5 3. c4 e6 4. g3 dxc4 5. Bg2 c6 6. Ne5 Bb4+ 7. Bd2 Be7 8. e3
b5 9. a4 b4 10. Nxc4 Nbd7 11. O-O Ba6 12. b3 Rc8 13. e4 Nb6 14. Bg5 Nxc4 15.
bxc4 Bxc4 16. Re1 c5 17. Nd2 cxd4 18. Nxc4 Rxc4 19. Bf1 Rc3 20. Bb5+ Kf8 21. e5
Nd5 22. Bxe7+ Qxe7 23. Qxd4 g6 24. Bc4 Nb6 25. Bf1 Kg7 26. Rab1 Nxa4 27. Rxb4
Rd8 28. Qg4 Nb6 29. Ra1 Rd2 30. Rd4 Rxd4 31. Qxd4 Rc7 32. h4 Rd7 33. Qe4 h5 34.
Ra5 Rd5 35. Ra2 Qc7 36. Qe3 a5 37. f4 Rc5 38. Qd2 Nd5 39. Bg2 Nb4 40. Ra3 Rc1+
41. Kh2 Rc2 42. Qd1 Qc5 43. Kh3 Qf2 44. Qf3 Qd2 45. Rxa5 Nd3 46. Ra1 Ne1 0-1

[Event "DPMM 2122 SV Werder Bremen - Schachfreu"]
[Site "?"]
[Date "2022.05.21"]
[Round "30.4"]
[White "Dautov, Rustem"]
[Black "Steffens, Olaf"]
[Result "1-0"]
[WhiteElo "2601"]
[BlackElo "2085"]
[PlyCount "81"]
[EventDate "2022.??.??"]

1. d4 c6 2. c4 d6 3. Nf3 Nd7 4. Nc3 h6 5. g3 g5 6. Bg2 Bg7 7. O-O Nf8 8. h4
gxh4 9. Nxh4 Bf6 10. d5 Bxh4 11. gxh4 Nf6 12. dxc6 bxc6 13. Bf4 Rg8 14. Bg3 Bd7
15. e4 Qa5 16. Kh1 Ng4 17. Qe1 Qh5 18. f4 Rb8 19. b3 Ne6 20. Rd1 Qc5 21. Rd3
Ng7 22. e5 dxe5 23. fxe5 Nf5 24. e6 Bxe6 25. Bxb8 Nge3 26. Bc7 Bd5 27. cxd5
Nxg2 28. Qf2 Nge3 29. dxc6 e5 30. Rd8+ Ke7 31. Rxg8 Qxc3 32. Qf3 Qd3 33. Bxe5
f6 34. c7 fxe5 35. c8=Q e4 36. Qb7+ Kf6 37. Rf8+ Ke5 38. Rxf5+ Nxf5 39. Qxf5+
Kd4 40. Qf6+ Ke3 41. Qf2# 1-0

[Event "DPMM 2122 FC St. Pauli - SC Viernheim"]
[Site "?"]
[Date "2022.05.21"]
[Round "30.1"]
[White "Kryvoruchko, Yuriy"]
[Black "Krause, Benedict"]
[Result "1-0"]
[WhiteElo "2674"]
[BlackElo "2420"]
[PlyCount "95"]
[EventDate "2022.??.??"]

1. e4 c6 2. d4 d5 3. e5 Bf5 4. Nf3 e6 5. Be2 c5 6. Be3 Qb6 7. Nc3 Nc6 8. O-O
Qxb2 9. Qe1 c4 10. Rb1 Qxc2 11. Bd1 Qxb1 12. Nxb1 Bxb1 13. Ba4 Bd3 14. Qa5 Kd7
15. Rd1 Bg6 16. Bc1 b6 17. Qb5 Rc8 18. Nd2 Nge7 19. Nxc4 dxc4 20. d5 exd5 21.
Rxd5+ Kc7 22. Bf4 Kb7 23. Rd7+ Rc7 24. e6 Rxd7 25. exd7 Bf5 26. Qxf5 Nxf5 27.
Bxc6+ Kxc6 28. d8=Q Ne7 29. a4 Ng6 30. Qc7+ Kd5 31. Be3 Bc5 32. Qxf7+ Kd6 33.
Qxc4 Rc8 34. Kf1 Rc7 35. Bd2 Re7 36. h4 Ne5 37. Bf4 h6 38. Qe4 Re6 39. g4 g5
40. hxg5 hxg5 41. Bg3 a6 42. Qb7 Re7 43. Qxa6 Kd5 44. Qc8 Nd3 45. Qg8+ Kd4 46.
Qxg5 Re1+ 47. Kg2 Re2 48. Qf5 1-0

[Event "DPMM 2122 FC St. Pauli - SC Viernheim"]
[Site "?"]
[Date "2022.05.21"]
[Round "30.2"]
[White "Feuerstack, Aljoscha"]
[Black "Fedorchuk, Sergey A."]
[Result "1/2-1/2"]
[WhiteElo "2488"]
[BlackElo "2606"]
[PlyCount "144"]
[EventDate "2022.??.??"]

1. e4 c5 2. c3 d5 3. exd5 Qxd5 4. d4 e6 5. Nf3 Nf6 6. Na3 Nc6 7. Be3 cxd4 8.
Nb5 Qd7 9. Nbxd4 Nd5 10. Bg5 Bd6 11. Bc4 h6 12. Bh4 Nf4 13. O-O a6 14. Qd2 Na5
15. Bb3 Nxb3 16. axb3 Ng6 17. Bg3 Bxg3 18. hxg3 O-O 19. b4 Qc7 20. Rfd1 Bd7 21.
Qe3 Rad8 22. Ra5 e5 23. Nxe5 Rfe8 24. Rc5 Bc6 25. Re1 Rd5 26. Ndxc6 bxc6 27. f4
f6 28. Nxg6 Rxe3 29. Rxe3 Rxc5 30. bxc5 Qd8 31. f5 h5 32. b4 Kh7 33. Nf4 Qd1+
34. Kh2 Qg4 35. Ne6 Qxf5 36. Nd4 Qd5 37. Re6 Qc4 38. Re3 a5 39. bxa5 Qxc5 40.
a6 Qa7 41. Re6 Qxa6 42. Rxc6 Qd3 43. Rc5 g5 44. Nf3 Qe3 45. Rd5 Kg6 46. c4 Qe6
47. Rd4 Qc6 48. Kh1 Qc7 49. Kh2 Kg7 50. Re4 Kf7 51. Rd4 Ke6 52. Nh4 gxh4 53.
Rxh4 Qe5 54. Rf4 Kd6 55. Rh4 Kc5 56. Rf4 Kb4 57. Rh4 Kb3 58. Rf4 Kc3 59. Rh4
Kb4 60. Rf4 f5 61. Rh4 Qe4 62. Rxh5 f4 63. gxf4 Qxf4+ 64. Kh1 Kc3 65. Rh3+ Kd2
66. Rf3 Qxc4 67. Kg1 Ke2 68. Rh3 Qc1+ 69. Kh2 Qf4+ 70. Kg1 Qf1+ 71. Kh2 Qf4+
72. Kg1 Qf1+ 1/2-1/2

[Event "DPMM 2122 FC St. Pauli - SC Viernheim"]
[Site "?"]
[Date "2022.05.21"]
[Round "30.3"]
[White "Ertan, Can"]
[Black "Zaragatski, Ilja"]
[Result "0-1"]
[WhiteElo "2381"]
[BlackElo "2507"]
[PlyCount "100"]
[EventDate "2022.??.??"]

1. e4 e6 2. d4 d5 3. Nc3 Nc6 4. Nf3 Nf6 5. Bg5 Be7 6. e5 Ne4 7. Bxe7 Qxe7 8.
Bd3 Qb4 9. Bxe4 dxe4 10. Ng5 Qxd4 11. Qxd4 Nxd4 12. O-O-O Nc6 13. Nb5 Ke7 14.
Nxc7 Rb8 15. Nb5 Nxe5 16. Rhe1 f5 17. f3 Kf6 18. h4 h6 19. Nh3 exf3 20. Nf4 g5
21. Nh5+ Kg6 22. Rxe5 Kxh5 23. gxf3 gxh4 24. Nd6 Rd8 25. Re2 b6 26. Rd4 Bb7 27.
Rh2 Rxd6 28. Rxd6 Bd5 29. Kd2 Rg8 30. c4 Bxf3 31. Rxe6 Rg3 32. b4 h3 33. Ke3
Be4+ 34. Kf2 Rf3+ 35. Kg1 Rg3+ 36. Kf2 Rc3 37. c5 bxc5 38. bxc5 Bg2 39. Re7 f4
40. Rxg2 Rc2+ 41. Re2 Rxe2+ 42. Kxe2 hxg2 43. Kf2 Kg4 44. c6 Kh3 45. c7 Kh2 46.
c8=Q g1=Q+ 47. Ke2 Qg2+ 48. Kd1 f3 49. Qc7+ Kh1 50. Qc6 h5 0-1

[Event "DPMM 2122 FC St. Pauli - SC Viernheim"]
[Site "?"]
[Date "2022.05.21"]
[Round "30.4"]
[White "Abergel, Thal"]
[Black "Stenner, Patrick"]
[Result "1-0"]
[WhiteElo "2378"]
[BlackElo "2269"]
[PlyCount "83"]
[EventDate "2022.??.??"]

1. e4 c6 2. Nf3 d5 3. Nc3 dxe4 4. Nxe4 Nf6 5. Qe2 Na6 6. Nxf6+ gxf6 7. c3 h5 8.
d4 h4 9. Qe4 Qd5 10. Qxd5 cxd5 11. Bf4 Nb8 12. Bd3 Nc6 13. h3 Bd7 14. O-O Bg7
15. Rfe1 Kf8 16. Re2 Rh5 17. Rae1 Re8 18. Bc7 Rc8 19. Bh2 a6 20. a4 e6 21. Bd6+
Kg8 22. Nd2 e5 23. Nb3 e4 24. Bc2 b6 25. a5 Nxa5 26. Nxa5 bxa5 27. Ra1 Bb5 28.
Ree1 Rc6 29. Bf4 Bc4 30. Rxa5 f5 31. Bd1 Rh8 32. Be2 Bh6 33. Bxh6 Rhxh6 34.
Bxc4 Rxc4 35. Rxd5 Rf6 36. Ra5 Kg7 37. f3 exf3 38. gxf3 Rcc6 39. Kf2 Rb6 40. b4
Rfc6 41. Rc5 Rf6 42. f4 1-0

[Event "DPMM 2122 SG 1871 Löberitz - SG Leipzi"]
[Site "?"]
[Date "2022.05.21"]
[Round "30.2"]
[White "Pallas, Sebastian"]
[Black "Nguyen, Alex Dac-Vuong"]
[Result "1/2-1/2"]
[WhiteElo "2248"]
[BlackElo "2310"]
[PlyCount "97"]
[EventDate "2022.??.??"]

1. e4 e6 2. d4 d5 3. Nd2 c5 4. exd5 Qxd5 5. Ngf3 cxd4 6. Bc4 Qd6 7. O-O Nf6 8.
Nb3 Nc6 9. Nbxd4 Nxd4 10. Nxd4 a6 11. Re1 Qc7 12. Bf1 Bd6 13. Nf5 Bxh2+ 14. Kh1
Kf8 15. Qd4 exf5 16. Qxf6 h5 17. Qd4 Bd6 18. Rd1 Be7 19. Bf4 Qc6 20. Bc4 Be6
21. Bxe6 fxe6 22. Bd6 Bxd6 23. Qxd6+ Qxd6 24. Rxd6 Kf7 25. Rb6 Rhd8 26. Rxb7+
Kf6 27. Rc7 Rab8 28. b3 Rd2 29. Kg1 Rb4 30. Re1 g5 31. c4 Rxa2 32. Rc6 f4 33.
Rcxe6+ Kf7 34. Re7+ Kf6 35. R1e6+ Kf5 36. Re5+ Kf6 37. R7e6+ Kf7 38. Rc6 Rxb3
39. Rxg5 Rb1+ 40. Kh2 Rxf2 41. Rxh5 Rbb2 42. Rh7+ Kg8 43. Ra7 Rxg2+ 44. Kh1 Rg7
45. Rxg7+ Kxg7 46. Rxa6 f3 47. Kg1 Rc2 48. Ra3 Rxc4 49. Rxf3 1/2-1/2

[Event "DPMM 2122 SG 1871 Löberitz - SG Leipzi"]
[Site "?"]
[Date "2022.05.21"]
[Round "30.3"]
[White "Post, Hugo"]
[Black "Natsidis, Christoph"]
[Result "0-1"]
[WhiteElo "2184"]
[BlackElo "2347"]
[PlyCount "104"]
[EventDate "2022.??.??"]

1. e4 c5 2. Nf3 e6 3. d4 cxd4 4. Nxd4 a6 5. c4 Nf6 6. Nc3 Qc7 7. a3 b6 8. Be3
Bb7 9. f3 d6 10. Be2 Nbd7 11. O-O Be7 12. Qd2 O-O 13. b4 Rac8 14. Rac1 Rfe8 15.
Nb3 Qb8 16. Rfd1 Bf8 17. Kh1 Ne5 18. Na4 Nfd7 19. Nxb6 Nxb6 20. Bxb6 Bxe4 21.
Qe3 Bc6 22. c5 Bb5 23. Nd4 Bxe2 24. Qxe2 Nd7 25. Qxa6 dxc5 26. Ba7 Qa8 27. Nb5
Ne5 28. Qb6 Rc6 29. Qa5 Rec8 30. Bb6 cxb4 31. Qxa8 Rxa8 32. Bd4 Rxc1 33. Rxc1
Ng6 34. axb4 Bxb4 35. Rb1 Be7 36. Nc3 Rd8 37. Bf2 Rc8 38. Ne4 f5 39. Ng3 Rc2
40. Bd4 Nf4 41. Be5 Nxg2 42. Rg1 Bc5 43. Rb1 Nh4 44. Nh5 Nxf3 45. Rb8+ Kf7 46.
Rb7+ Kg6 47. Nf4+ Kh6 48. Bxg7+ Kg5 49. Nxe6+ Kg4 50. h3+ Kg3 51. Be5+ Nxe5 52.
Rb3+ Nf3 0-1

[Event "DPMM 2122 SG 1871 Löberitz - SG Leipzi"]
[Site "?"]
[Date "2022.05.21"]
[Round "30.4"]
[White "Roesemann, Rainer"]
[Black "Boehm, Christian"]
[Result "1-0"]
[WhiteElo "2270"]
[BlackElo "2063"]
[PlyCount "68"]
[EventDate "2022.??.??"]

1. c4 Nf6 2. g3 g6 3. Bg2 Bg7 4. Nc3 O-O 5. e4 d6 6. Nge2 c5 7. O-O Nc6 8. d3
Ne8 9. Be3 Nc7 10. d4 cxd4 11. Nxd4 Nxd4 12. Bxd4 Bxd4 13. Qxd4 Ne6 14. Qe3 a5
15. f4 Nc5 16. f5 Nd7 17. Nd5 e6 18. fxe6 fxe6 19. Rxf8+ Nxf8 20. Nc3 Ra6 21.
Kh1 Qe7 22. e5 Nd7 23. exd6 Qxd6 24. Rf1 Nc5 25. Qg5 Bd7 26. Qd8+ Kg7 27. Rd1
Qf8 28. Rxd7+ Nxd7 29. Qxd7+ Qf7 30. Qxf7+ Kxf7 31. c5 Ra7 32. Nb5 Ra8 33. Bxb7
Rd8 34. c6 Rd1+ 1-0

[Event "DPMM 2122 SV Lingen - SG Solingen"]
[Site "?"]
[Date "2022.05.21"]
[Round "30.1"]
[White "Van Wely, Loek"]
[Black "Gazic, Josip"]
[Result "1-0"]
[WhiteElo "2618"]
[BlackElo "2150"]
[PlyCount "41"]
[EventDate "2022.??.??"]

1. Nf3 b6 2. e4 Bb7 3. Nc3 e6 4. d4 h6 5. Bd3 Nc6 6. O-O Nb4 7. Bc4 Ba6 8. Bxa6
Nxa6 9. Re1 Be7 10. h4 Qc8 11. d5 Qb7 12. Ne5 exd5 13. Qf3 Nb4 14. Qxf7+ Kd8
15. exd5 Nxc2 16. Ng6 Nxe1 17. Nxh8 d6 18. Bg5 hxg5 19. Rxe1 Kd7 20. Ng6 Qc8
21. Rxe7+ 1-0

[Event "DPMM 2122 SV Lingen - SG Solingen"]
[Site "?"]
[Date "2022.05.21"]
[Round "30.2"]
[White "Gutman, Lev"]
[Black "Krastev, Alexander"]
[Result "0-1"]
[WhiteElo "2365"]
[BlackElo "2412"]
[PlyCount "106"]
[EventDate "2022.??.??"]

1. Nf3 c5 2. g3 g6 3. Bg2 Bg7 4. d4 cxd4 5. Nxd4 Nc6 6. Nxc6 bxc6 7. O-O Nf6 8.
Nd2 O-O 9. Nb3 Qc7 10. Bd2 d6 11. Ba5 Qd7 12. Bc3 Ba6 13. Re1 Rab8 14. Qd2 Rfd8
15. Rad1 Qe8 16. e4 Qf8 17. h3 Nd7 18. Na5 Rdc8 19. b3 Bxc3 20. Qxc3 Rb5 21. a4
Rb6 22. b4 Qg7 23. e5 d5 24. Qe3 e6 25. c4 Rxb4 26. Qxa7 Nb6 27. Rb1 Qf8 28. c5
Qxc5 29. Qxa6 Ra8 30. Nb7 Qe7 31. Qd3 Nc4 32. Nd6 Nxe5 33. Rxe5 Rxb1+ 34. Qxb1
Qxd6 35. Re2 Rxa4 36. Rb2 Ra8 37. Rb6 Qe5 38. Bf1 c5 39. Qb5 Rc8 40. Rb7 Qd6
41. Rb6 Qd8 42. h4 c4 43. Rb7 c3 44. Qb1 c2 45. Qc1 Qf6 46. h5 Qd4 47. hxg6
hxg6 48. Be2 Qe4 49. Bf1 Qf3 50. Ra7 d4 51. Ra1 Qc3 52. Ra7 d3 53. Qf4 Qg7 0-1

[Event "DPMM 2122 SV Lingen - SG Solingen"]
[Site "?"]
[Date "2022.05.21"]
[Round "30.4"]
[White "Schaefer, Markus"]
[Black "Kandic, Milan"]
[Result "1/2-1/2"]
[WhiteElo "2373"]
[BlackElo "2037"]
[PlyCount "55"]
[EventDate "2022.??.??"]

1. e4 d6 2. d4 Nf6 3. Nc3 e5 4. Nge2 Be7 5. g3 O-O 6. Bg2 c6 7. a4 a5 8. O-O
Qc7 9. b3 Na6 10. h3 Nb4 11. Be3 Be6 12. f4 Rad8 13. f5 exd4 14. Bxd4 Bc8 15.
Qe1 Nd7 16. g4 Ne5 17. Qd2 Rfe8 18. Rac1 c5 19. Bf2 Bd7 20. Bg3 Bc6 21. g5 Bf8
22. Nf4 c4 23. Bf2 Rc8 24. Bd4 Qb8 25. Rfe1 cxb3 26. cxb3 Na6 27. Ncd5 Bxd5 28.
Nxd5 1/2-1/2

[Event "DPMM 2122 Greifswalder SV - OSG Baden-B"]
[Site "?"]
[Date "2022.05.21"]
[Round "30.1"]
[White "Donchenko, Alexander"]
[Black "Stubbe, Wilko"]
[Result "1-0"]
[WhiteElo "2599"]
[BlackElo "2222"]
[PlyCount "41"]
[EventDate "2022.??.??"]

1. Nf3 Nf6 2. c4 e6 3. g3 d5 4. Bg2 Be7 5. O-O O-O 6. b3 b6 7. Bb2 Bb7 8. e3
Nbd7 9. Nc3 Rc8 10. Rc1 Ba8 11. Qe2 Ne4 12. cxd5 Nxc3 13. dxc3 exd5 14. Rfd1
Bf6 15. c4 Bxb2 16. Qxb2 dxc4 17. Ne5 Bxg2 18. Kxg2 Qf6 19. Rxd7 Rfe8 20. f4
Qf5 21. Qd4 1-0

[Event "DPMM 2122 Greifswalder SV - OSG Baden-B"]
[Site "?"]
[Date "2022.05.21"]
[Round "30.2"]
[White "Weber, Max"]
[Black "Kasimdzhanov, Rustam"]
[Result "0-1"]
[WhiteElo "2259"]
[BlackElo "2659"]
[PlyCount "96"]
[EventDate "2022.??.??"]

1. Nf3 d5 2. d4 c5 3. c4 e6 4. cxd5 exd5 5. g3 Nf6 6. Bg2 Be7 7. O-O O-O 8. Nc3
Nc6 9. Bg5 c4 10. b3 cxb3 11. Qxb3 Na5 12. Qb1 Be6 13. Ne5 Rc8 14. Qd3 h6 15.
Bxf6 Bxf6 16. Rab1 Bxe5 17. dxe5 d4 18. Nb5 Bxa2 19. Rb2 Bc4 20. Qxd4 Bxb5 21.
Qxd8 Rfxd8 22. Rxb5 b6 23. f4 Kf8 24. f5 Nc4 25. Ra1 Rc7 26. Kf2 Re8 27. Rc1
Nd6 28. Rxc7 Nxb5 29. Rb7 Rxe5 30. g4 Rc5 31. h4 h5 32. Kg3 hxg4 33. Kxg4 Nd6
34. Rxa7 Nxf5 35. e4 Ne3+ 36. Kg3 Nc4 37. Rb7 b5 38. Kf4 Rh5 39. Bf3 Rxh4+ 40.
Kg3 g5 41. Rxb5 f6 42. Bg4 Ke7 43. Rb4 Ne3 44. Rb7+ Kd6 45. Bf5 Nxf5+ 46. exf5
Ke5 47. Rb5+ Ke4 48. Ra5 Rf4 0-1

[Event "DPMM 2122 Greifswalder SV - OSG Baden-B"]
[Site "?"]
[Date "2022.05.21"]
[Round "30.3"]
[White "Skibbe, Willi"]
[Black "Gustafsson, Jan"]
[Result "0-1"]
[WhiteElo "2179"]
[BlackElo "2639"]
[PlyCount "62"]
[EventDate "2022.??.??"]

1. d4 Nf6 2. c4 e6 3. Nf3 d5 4. g3 Bb4+ 5. Bd2 a5 6. Qc2 O-O 7. Bg2 c5 8. cxd5
cxd4 9. Nxd4 Qb6 10. Nf3 exd5 11. O-O Nc6 12. Be3 d4 13. Bg5 Re8 14. Bxf6 gxf6
15. Na3 Bg4 16. h3 Bh5 17. Qf5 Bg6 18. Qxf6 Rxe2 19. Nc4 Qd8 20. Qf4 Rc8 21.
Rad1 Re4 22. Qh6 b5 23. Na3 Bf8 24. Qd2 Qb6 25. Nh4 Bb4 26. Qh6 Re2 27. Nxg6
hxg6 28. Qg5 Ne5 29. Kh1 Kg7 30. Qf4 d3 31. Bf3 Bd6 0-1